Personnages d'Adventure Time - Images - Statistiques

Statistiques générales
  • Ce quiz a été pris 187 fois
  • Le résultat moyen est 8 sur 12
Statistiques - réponses
Par images Réponse % Correct
Finn
98%
Jake
95%
BMO
90%
Roi des Glaces
87%
Marceline
85%
Princesse Chewing-Gum
74%
Princesse des Flammes
55%
Roi Lich
47%
Compte de la citronelle
44%
Prismo
42%
Miss Rainicorne
28%
Princesse Lumpy Space
11%
Aucun quiz correspondant
Distribution des résultats
% des personnes avec chaque résultat
Percentile par nombre de réponses
Votre historique - résultats
Vous n’avez pas pris ce quiz